| 000 | 00998cam a22003375a 4500 | ||
|---|---|---|---|
| 001 | 17030284 | ||
| 003 | OSt | ||
| 005 | 20140310183111.0 | ||
| 008 | 111101s2011 ph b 000 0 eng | ||
| 010 | _a 2011308466 | ||
| 020 | _a9789712724459 | ||
| 040 |
_aDLC _cDLC _dDLC |
||
| 042 | _alcode | ||
| 043 | _aa-ph--- | ||
| 050 |
_aBX 4857 _b.M193 2011 |
||
| 082 |
_aFIL280.409599 _bC591 2011 |
||
| 100 | 1 | _aMaggay, Melba Padilla. | |
| 245 | 1 | 2 |
_aA clash of cultures : _bearly American Protestant missions and Filipino religious consciousness / _cMaggay,Melba Padilla |
| 260 |
_aManila : _bAnvil Pub., _c2011. |
||
| 300 |
_axix, 235 p. ; _c23 cm. |
||
| 504 | _aIncludes bibliographical references (p. 199-235). | ||
| 521 | _aCollege Students | ||
| 526 | _c1210L to 1700L | ||
| 541 | _j1 | ||
| 541 | _j2 | ||
| 541 | _j3 | ||
| 562 | _e3 | ||
| 906 |
_a7 _bpar _corigode _d3 _encip _f20 _gy-gencatlg |
||
| 942 |
_2lcc _cBK _kFIL |
||
| 999 |
_c18843 _d18843 |
||